| 000 | 00793nam a2200241 a 4500 | ||
|---|---|---|---|
| 005 | 20160415160230.0 | ||
| 008 | 140221b1998 sz ad gr|||| 00| 0 eng d | ||
| 020 | _a2886852161 | ||
| 040 |
_aCO-BoIAVH _cCO-BoIAVH |
||
| 041 | 0 | _aeng | |
| 044 | _asz | ||
| 082 | 0 | 4 |
_a333.72 _bT39p |
| 245 | 0 | 5 |
_aFrom theory to practice _bincentive measures in developing countries / |
| 260 |
_aGland (Suiza) : _bWWF International, _c1998. |
||
| 300 |
_a43 páginas : _bilustraciones y tablas ; _c30 x 21 centímetros |
||
| 650 | 6 |
_aBiodiversidad _xUso sostenible |
|
| 650 | 6 |
_aReservas Naturales _xconservación |
|
| 650 | 6 | _aComunidades locales | |
| 650 | 6 | _aConocimiento tradicional | |
| 650 | 4 | _aEtnoeducación | |
| 710 | 2 | _aWWF Internacional | |
| 942 |
_cLIBRO _2ddc |
||
| 999 |
_c714 _d714 |
||